1037 1181 1020 1625 1832 1527 1249 1761 1724 1888 1689 1535 1208 1032 1601 1607 1630 1288 1028 1223 1427 1290 1438 1443 1030 1581 1935 1382 1075 1194 1153 1315 1589 1432 1517 1477 1404 1619 1819 1004 1392 1569 1701 1468 1365 1453 1463 1301 1372 1669 1388 1833 1914 1635 1514 1582 1224 1231 1101 1702 1362 1986 1924 1877 1019 1185 1693 1199 1469 1338 1474 1888 1070 1624 1819 1639 1480 1005 1911 1701 1429 1337 1904 1728 1371 1355 1987 1544 1362 1229 1494 1361 1492 1379 1249 1332 1965 1800 1206 BCNSPRNW ULIB Ver.6.0+V

เปลี่ยนเป็นภาษาไทย

Change to English
 แสดงรายละเอียดบรรณานุกรม
  กลับหน้าหลัก

Brief Record : Get Marc (ISO 2709) : E-mail record : QR code < ปิดหน้าต่าง
LEADER : 00000nam 2200000uu 4500
001    13399121398
003     ULIB
008    121116s2551||||th 000 0 tha d
020    ^a9789749742365
050  4 ^aTK5105.75^bส232ค
100 0  ^aสมเกียรติ รุ่งเรืองลดา
245 10 ^aคู่มือดูแลระบบ Network ฉบับมืออาชีพ /^cสมเกียรติ รุ่งเรืองลดา
246 30 ^aดูแลระบบ Network ฉบับมืออาชีพ
260    ^aกรุงเทพฯ :^bโปรวิชั่น,^c2551
300    ^a426 หน้า :^bภาพประกอบ ;^c22 ซม.
650  4 ^aเครือข่ายคอมพิวเตอร์
650  4 ^aเครือข่ายคอมพิวเตอร์^vการบำรุงรักษาและการซ่อมแซม
700 0  ^aอุมาภรณ์ ปิติชาญ
945    ^p349^l0^i16677
995    ^aวิภา
999 ^a ทศพร
รายการนี้ยังไม่มีแท็ก
คุณยังไม่ได้ล็อกอิน คุณสามารถมีกิจกรรมร่วมกับเว็บไซต์ได้ แต่ต้องล็อกอินก่อน ::
  ล็อกอิน

รายการสื่อสารสนเทศ

ลำดับที่ ประเภท เลขเรียก/บาร์โค้ด สถานที่ สถานะ
1. วิทยาศาสตร์การแพทย์ และสุขภาพ
วิทยาศาสตร์การแพทย์ และสุขภาพ
TK5105.75 ส232ค  
  Barcode: 16677
ห้องสมุดวิทยาเขตสวรรค์ประชารักษ์
►หนังสือทั่วไป
บนชั้น

รายการใกล้เคียง
    ผู้แต่ง [สมเกียรติ รุ่งเรืองลดา]

    หัวเรื่อง [เครือข่ายคอมพิวเตอร์]

BibComment


ยังไม่เคยถูกคอมเมนท์

คอมเมนท์ทรัพยากรรายการนี้
  คอมเมนท์: คู่มือดูแลระบบ N..


 Copyright 2026. Bcnsprnw @Library